<?xml version="1.0" encoding="UTF-8"?>
<collection xmlns="http://www.loc.gov/MARC21/slim">
 <record>
  <leader>01319pam a22002658a 4500</leader>
  <controlfield tag="001">00043583</controlfield>
  <controlfield tag="005">20190219090259.0</controlfield>
  <controlfield tag="008">170517s2015                  ||||||Viesd</controlfield>
  <datafield tag="020" ind1="#" ind2="#">
   <subfield code="c">15000</subfield>
  </datafield>
  <datafield tag="041" ind1="0" ind2="#">
   <subfield code="a">Vie</subfield>
  </datafield>
  <datafield tag="082" ind1="1" ind2="4">
   <subfield code="a">372.6</subfield>
   <subfield code="b">M458S</subfield>
  </datafield>
  <datafield tag="100" ind1="1" ind2="#">
   <subfield code="a">Nguyễn, Quang Ninh</subfield>
  </datafield>
  <datafield tag="245" ind1="1" ind2="0">
   <subfield code="c">Nguyễn Quang Ninh</subfield>
   <subfield code="a">Một số vấn đề dạy học ngôn bản nói và viết ở tiểu học theo hướng giao tiếp</subfield>
   <subfield code="b">Sách bồi dưỡng thường xuyên chu kì 1997 -2000 cho giáo viên tiểu học</subfield>
  </datafield>
  <datafield tag="260" ind1="#" ind2="#">
   <subfield code="b">Giáo dục</subfield>
   <subfield code="a">Hà Nội</subfield>
   <subfield code="c">1998</subfield>
  </datafield>
  <datafield tag="300" ind1="#" ind2="#">
   <subfield code="a">87 tr.</subfield>
   <subfield code="c">29 cm</subfield>
  </datafield>
  <datafield tag="653" ind1="#" ind2="#">
   <subfield code="a">Giao tiếp</subfield>
  </datafield>
  <datafield tag="653" ind1="#" ind2="#">
   <subfield code="a">Tiểu học</subfield>
  </datafield>
  <datafield tag="653" ind1="#" ind2="#">
   <subfield code="a">Giáo dục</subfield>
  </datafield>
  <datafield tag="653" ind1="#" ind2="#">
   <subfield code="a">Ngôn bản</subfield>
  </datafield>
  <datafield tag="653" ind1="#" ind2="#">
   <subfield code="a">Ngôn ngữ nói</subfield>
  </datafield>
  <datafield tag="653" ind1="#" ind2="#">
   <subfield code="a">Ngôn ngữ viết</subfield>
  </datafield>
  <datafield tag="653" ind1="#" ind2="#">
   <subfield code="a">Ngữ cảnh</subfield>
  </datafield>
  <datafield tag="852" ind1="#" ind2="#">
   <subfield code="j">KD.0025915</subfield>
   <subfield code="j">KM.0026869</subfield>
   <subfield code="j">KM.0026870</subfield>
   <subfield code="j">KM.0026871</subfield>
   <subfield code="j">KM.0026872</subfield>
   <subfield code="j">KM.0026873</subfield>
   <subfield code="j">KM.0026874</subfield>
   <subfield code="j">KM.0026875</subfield>
   <subfield code="j">KM.0026876</subfield>
   <subfield code="j">KM.0026877</subfield>
   <subfield code="j">KM.0026878</subfield>
   <subfield code="j">KM.0026879</subfield>
   <subfield code="j">KM.0026880</subfield>
   <subfield code="j">KM.0026881</subfield>
   <subfield code="j">KM.0026882</subfield>
   <subfield code="j">KM.0026883</subfield>
   <subfield code="j">KM.0026884</subfield>
   <subfield code="j">KM.0026885</subfield>
   <subfield code="j">KM.0026886</subfield>
   <subfield code="j">KM.0026887</subfield>
   <subfield code="j">KM.0026888</subfield>
   <subfield code="j">KM.0026889</subfield>
   <subfield code="j">KM.0026890</subfield>
   <subfield code="j">KM.0026891</subfield>
   <subfield code="j">KM.0026892</subfield>
   <subfield code="j">KM.0026893</subfield>
   <subfield code="j">KM.0026894</subfield>
   <subfield code="j">KM.0026895</subfield>
   <subfield code="j">KM.0026896</subfield>
   <subfield code="j">KM.0026897</subfield>
  </datafield>
  <datafield tag="910" ind1="#" ind2="#">
   <subfield code="d">19/2/2019</subfield>
  </datafield>
  <datafield tag="980" ind1="#" ind2="#">
   <subfield code="a">Trung tâm Học liệu Lê Vũ Hùng, Trường Đại học Đồng Tháp</subfield>
  </datafield>
 </record>
</collection>
